Gaming Quiz

Random Gaming Quiz

A-Z Kingdom Hearts Quiz Stats

 Plays Quiz not verified by Sporcle

Challenge
Share
Tweet
Embed
Score 0/26 Timer 10:00
0 Plays Today
Hint Answer % Correct
Beast's LoveBelle
97.2%
DuckDonald
95.2%
Tarzan's LoveJane
89%
Sora's nobodyRoxas
88.3%
Pumba's FriendTimon
86.9%
The WeaponKeyblade
86.2%
A WizardMerlin
86.2%
The ProtagonistSora
86.2%
The Sea WitchUrsula
86.2%
Final Fantasy CharacterLeon
85.5%
Off With Her HeadQueen Of Hearts
85.5%
CompanionGoofy
84.8%
The Hero Who Never Grows UpPeter Pan
84.1%
Hint Answer % Correct
A Member of Orginization XIIIXemnas
82.8%
A Member of Orginization XIIIZexion
82.1%
Final Fantasy CharacterYuffie
81.4%
A Member of Orginization XIIIVexen
80.7%
A series used in the GamesFinal Fantasy
75.9%
Zexion's Human NameIenzo
74.5%
SpindleAurora
69%
A WorldNeverland
69%
A WorldWonderland
59.3%
House of SticksEeyore
56.6%
A WorldOlympus
53.1%
Tik Tok Croc Captain Hook
51%
A WorldHundred Acre Wood
23.4%

You're not logged in!

Compare scores with friends on all Sporcle quizzes.
OR
Log In

You Might Also Like...

Show Comments

Extras

Created Mar 18, 2015ReportNominate
Tags:A-Z, heart, kingdom

Top Quizzes Today


Score Distribution

Your Account Isn't Verified!

In order to create a playlist on Sporcle, you need to verify the email address you used during registration. Go to your Sporcle Settings to finish the process.

Report this User

Report this user for behavior that violates our Community Guidelines.

Details: